000 00295nam a2200121 4500
008 230629b xxu||||| |||| 00| 0 eng d
082 _a336.207
_bCOP
100 _cJ.M Cope
245 _aBusiness Taxation
260 _aBritain
_bThomas Nelson & sons Ltd
_c1972
300 _a328p
942 _2ddc
_cBK
999 _c2942
_d2942